[Event "Airthings Masters MCCT Prel 2022"]
[Site "Online"]
[Date "2022.02.13"]
[Round "5.7"]
[White "Le, Quang Liem"]
[Black "Duda, Jan-Krzysztof"]
[Result "1-0"]
[WhiteElo "2709"]
[BlackElo "2760"]
[Annotator "TA"]
[PlyCount "95"]
[EventDate "2022.02.18"]
[EventType "tourn"]
[EventCountry "NET"]
[SourceTitle "playchess.com"]
[Source "ChessBase"]
[SourceQuality "1"]

{[%evp 9,95,26,19,18,29,22,35,29,30,27,24,20,22,22,26,29,26,34,37,31,34,35,35,
37,35,21,41,37,32,31,37,46,46,48,66,66,74,67,68,68,100,74,125,81,93,85,103,90,
169,172,169,141,150,150,165,165,150,151,160,159,160,162,184,196,224,219,244,
231,210,175,251,251,449,474,459,437,713,706,949,947,906,906,858,821,2965,2783,
12811,5734]} 1. d4 d5 2. c4 e6 3. Nf3 a6 4. cxd5 exd5 5. Nc3 Nf6 6. Bg5 {
D37: Queen's Gambit Declined: 5 Bf4.} Be6 7. e3 Nbd7 8. Bd3 {White is slightly
better.} Bd6 9. h3 c6 10. O-O Qc7 11. Qd2 O-O 12. Rfe1 h6 13. Bf4 Rfe8 14. Rac1
Rad8 {[#]} 15. b3 $146 ({Predecessor:} 15. a3 Nb6 16. Ne5 Nfd7 17. Nxd7 Rxd7
18. Bxd6 Qxd6 19. Ne2 Rde7 20. Nf4 Bc8 21. b4 {0-1 (58) Gunina,V (2471)-Sarana,
A (2666) Kazan 2022}) 15... Qb8 16. Bxd6 Qxd6 17. Qb2 g6 18. Nd2 Nh5 19. Na4
Ng7 20. b4 Nf6 21. Nc5 Re7 22. a4 Bf5 23. b5 axb5 24. axb5 Rb8 25. Rb1 Ree8 {
[#]} (25... Bxd3 $142 26. Nxd3 cxb5) 26. Rec1 (26. Bxf5 $142 $1 gxf5 27. Nf3)
26... Bxd3 27. Nxd3 Nf5 28. Qb4 Ne4 (28... Qxb4 $16 29. Rxb4 cxb5) 29. Nxe4 $18
dxe4 30. Ne5 Qxb4 31. Rxb4 {[#] Strongly threatening Nd7.} cxb5 32. Nd7 (32.
Rxb5 Re7 $16) 32... Rec8 33. Rcb1 {White is more active.} Nd6 34. Nxb8 Rxb8 $16
{[%mdl 4096] Endgame KRR-KRN} 35. Rc1 Kf8 36. f3 Re8 37. Kf2 exf3 38. gxf3 ({
Don't play} 38. Kxf3 Kg7 39. Rc7 Kf6) 38... Ra8 39. Rc2 {To avoid Ra2} Ra3 (
39... Ke7 $142 40. Rb3 Ra4 41. Rc7+ Kd8) 40. e4 $18 {[%cal Be3e4,Be4e5][%mdl
32]} g5 $2 (40... Ra5 {keeps fighting.} 41. Rc5 b6) 41. e5 {White is clearly
winning.} Nf5 42. d5 Rd3 (42... Ke8 $142 43. d6 Ra5) 43. Rxb5 Nd4 44. Rc8+ Kg7
45. Rxb7 {Black must now prevent e6.} Rxf3+ 46. Kg2 {Threatens to win with e6.}
Kg6 47. e6 fxe6 48. dxe6 {Weighted Error Value: White=0.05 (flawless) /Black=0.
20 (precise)} 1-0

[Event "Airthings Masters MCCT Prel 2022"]
[Site "Online"]
[Date "2022.02.13"]
[Round "5.8"]
[White "Hansen, Eric"]
[Black "Ding, Liren"]
[Result "1/2-1/2"]
[WhiteElo "2606"]
[BlackElo "2799"]
[Annotator "TA"]
[PlyCount "148"]
[EventDate "2022.02.18"]
[EventType "tourn"]
[EventCountry "NET"]
[SourceTitle "playchess.com"]
[Source "ChessBase"]
[SourceQuality "1"]

{[%evp 15,148,11,18,0,14,12,1,0,0,0,0,0,0,0,2,-24,-35,-15,-8,-20,-33,-25,0,0,0,
0,0,-37,-23,-62,-9,-35,-30,-60,-8,-33,0,-58,0,-19,0,-41,0,0,-3,-5,75,-20,-25,
-40,-62,-60,-41,-30,0,-1,87,93,91,89,76,81,111,87,88,75,71,81,108,109,115,104,
129,129,1456,126,386,129,665,665,676,676,676,669,661,486,1058,1025,969,914,
1286,1331,1253,1021,1366,1266,1217,1210,1020,983,909,836,2969,2590,1710,1046,
1441,1329,1000,383,383,8,8,0,0,-8,-8,-8,-8,-8,-8,-8,-8,-8,-8,-8,-8,-8,-8,-8,-8,
-8,-8,-8,-8]} 1. e4 c5 2. Nf3 d6 3. Bb5+ Nd7 4. c3 Ngf6 5. Qe2 a6 6. Ba4 b5 7.
Bc2 Bb7 8. O-O e6 9. d4 {B51: Sicilian: Moscow Variation (3 Bb5+) without 3...
Bd7.} Be7 10. Rd1 O-O 11. Nbd2 Qc7 12. Nf1 {[#]} Rfc8 $146 ({Predecessor:} 
12... Rac8 13. Bd3 Rfd8 14. Ng3 Bf8 15. a4 e5 16. axb5 c4 17. Bc2 axb5 18. Bd2
Ra8 {½-½ (31) Steffens,O (1931)-Schimnatkowski,L (2077) Willingen 2018}) 13.
Bd3 a5 14. Ng3 b4 15. c4 cxd4 16. Nxd4 Nc5 17. b3 a4 {White must now prevent ..
.axb3.} 18. Rb1 Ra6 19. Bc2 axb3 20. axb3 Ra2 {[%cal Oc5e4]} 21. Bb2 Qb6 22. h3
h6 (22... Bf8 $15) 23. Qe3 Rd8 24. Nde2 Qc6 (24... Nfd7 $15) 25. Nd4 Qb6 26.
Nde2 Bc6 (26... Nfd7 $15) 27. Nf4 (27. Nc1 $5 {[%cal Rc1a2]} Raa8 28. e5 dxe5
29. Rxd8+ Qxd8 30. Bxe5 $11) 27... Qb7 {[%cal Rc5e4]} 28. Re1 (28. Nd5 $11 {
is more appropriate.} exd5 29. exd5) 28... Re8 29. Nd5 exd5 30. exd5 {[#]} Bxd5
31. cxd5 (31. Bxf6 $16 Be6 32. Bb2 (32. Rb2 Rxb2 33. Bxb2 Bf8 $16)) 31... Bf8
$11 (31... Qxd5 $2 32. Bxf6 Rxc2 33. Bxe7 $18) 32. Qc1 Rxe1+ 33. Qxe1 Nxd5 {
Pair of Knights!} 34. Qd2 {To avoid Nf4} g6 35. Ne4 {[%cal Od2d5] Strongly
threatening Qxd5!} Rxb2 36. Rxb2 $16 Nc3 {[#]} 37. Nxc5 ({But not} 37. Nxd6 Qe7
$11) (37. Nxc3 $2 bxc3 38. Qxc3 Bg7 $19) 37... dxc5 38. Bd3 Bg7 39. Rc2 h5 40.
Bc4 Bd4 41. Qf4 Qe7 42. g3 Kg7 43. Kg2 f5 44. h4 Qe1 $2 {[%mdl 8192] [#]} (
44... Qd8 $16 45. Kh2 Kh7) 45. Qf3 $2 (45. Qc7+ $1 $18 Kh8 46. Qf7 Qe4+ 47. f3)
45... Ne4 $2 {[%mdl 8192]} (45... Kh6 $16 46. Qf4+ Kh7 47. Qc7+ Bg7) 46. Bd3 $2
{Chess con chili.} (46. Ra2 $18 {and White stays clearly on top. Qf4 is the
strong threat.} Kh7 47. Qf4) 46... Nd2 $2 {[%mdl 8192]} (46... Nc3 $16 47. Bc4
Kh7) 47. Qf4 $18 ({Inferior is} 47. Qb7+ Kh6 48. Qb8 Qxf2+ 49. Kh3 Qe3 50. Qf8+
Bg7 $11) 47... Ne4 48. Bxe4 Qxe4+ 49. Qxe4 fxe4 {[%mdl 4096] Endgame KR-KB} 50.
Re2 e3 (50... Kf6 $142 51. Rxe4 Kf5) 51. fxe3 Bc3 52. Kf3 c4 53. bxc4 b3 54.
Rf2 {And now Ke4 would win.} b2 55. Rf1 {Hoping for Ke4.} Kf6 56. Ke4+ Ke6 57.
Kd3 Be5 58. Kc2 Bxg3 59. Rg1 Bxh4 60. Rxg6+ Kf5 61. Rg8 Be7 62. Re8 $2 (62. e4+
Kf4 63. Rg7 (63. Kxb2 h4 $16)) 62... Bd6 63. Rd8 $2 ({White should play} 63.
e4+ $18 Kf4 64. Rh8 (64. Kxb2 Be5+ 65. Kc2 Kxe4 $18)) 63... Be5 $1 $11 {
The position is equal.} 64. c5 h4 65. Rf8+ Ke4 66. Rf7 h3 67. Rh7 h2 68. c6
Kxe3 69. Rxh2 Bxh2 70. Kxb2 {KB-KP} Bc7 71. Kc3 Ke4 72. Kc2 Ke5 73. Kd2 Kd5 74.
Kc2 Kxc6 {Black escapes into a draw.  Weighted Error Value: White=0.36/Black=0.
38} 1/2-1/2

[Event "Airthings Masters MCCT Prel 2022"]
[Site "Online"]
[Date "2022.02.13"]
[Round "6.1"]
[White "Artemiev, Vladislav"]
[Black "Ding, Liren"]
[Result "0-1"]
[WhiteElo "2700"]
[BlackElo "2799"]
[Annotator "TA"]
[PlyCount "150"]
[EventDate "2022.02.18"]
[EventType "tourn"]
[EventCountry "NET"]
[SourceTitle "playchess.com"]
[Source "ChessBase"]
[SourceQuality "1"]

{[%evp 9,150,-9,-2,-15,0,-8,0,-4,0,-9,0,0,-15,-20,1,-7,-7,-25,-16,-20,0,0,14,
-11,-16,-19,-20,-135,-132,-140,-39,-56,-2,-15,0,-14,-8,-33,-48,-40,-43,-50,-57,
-60,-66,-72,-41,-146,-135,-181,-133,-138,-43,-154,-137,-132,-135,-137,-135,
-135,-128,-135,-136,-189,-185,-180,-187,-191,-182,-196,-202,-227,-224,-232,
-210,-198,-164,-200,-162,-175,-171,-171,-170,-281,-272,-266,-158,-127,-122,
-148,-86,-245,-269,-273,-119,-481,-403,-380,-264,-255,-252,-271,-270,-241,-127,
-126,-81,-1450,-143,-143,-141,-1062,-1056,-5113,-5113,-1574,-86,-5112,-5112,
-4806,-4791,-1377,-1047,-5113,-5113,-5112,-5112,-5112,-5112,-4762,-3872,-2098,
-1888,-1783,-1463,-1331,-1321,-1253,-920,-29986,-29987,-29987,-29988]} 1. c4 e5
2. Nc3 Nf6 3. e3 Nc6 4. a3 d5 5. cxd5 Nxd5 6. Qc2 {A25: English Opening vs
King's Indian with ...Nc6 but without early d3.} Nxc3 7. dxc3 Bd6 8. Nf3 {
The position is equal.} O-O 9. e4 f5 10. Bd3 {[%cal Re4f5]} f4 11. b4 a5 {
[%cal Ra5b4]} 12. Bb2 {[#]} Kh8 $146 {[%cal Ra5b4]} ({Predecessor:} 12... Qf6
13. Bc4+ Kh8 14. Rd1 Ne7 15. h4 Bg4 16. Be2 Be6 17. c4 axb4 18. c5 bxa3 {
½-½ (88) Wojtaszek,R (2719)-Le,Q (2709) Chess.com INT 2020}) 13. Rd1 Qe7 14.
Be2 Be6 15. O-O Rf6 16. Qa4 g5 17. Nxg5 Bd7 {[%cal Oc6d4] aiming for ...Nd4!}
18. b5 {[#]} (18. Qc2 $1 $11 {remains equal.}) 18... Rg8 $1 $17 19. Nf3 {[#]}
Nd8 (19... Qg7 $6 20. g3 fxg3 21. fxg3 $11 (21. hxg3 $2 Bc5 $19)) (19... Bh3 $1
$17 {[%cal Rh3g2]} 20. g3 (20. bxc6 Bxg2 21. Qb3 Rfg6) 20... Nd8) 20. Kh1 $15
Bg4 (20... Qg7 21. Rg1 $11) ({Black should play} 20... Rh6 $1 $15 21. c4 Qg7)
21. c4 $1 $11 (21. Qxa5 Rh6 22. Rd3 Qg7 $17) 21... Bxf3 22. Bxf3 (22. gxf3 {
leads to mate.} Rh6 23. Bxe5+ Bxe5 24. Rfe1 Qh4 25. Qxa5 Qxh2#) 22... Rh6 23.
g3 {To avoid Qh4} fxg3 $40 {[%mdl 128] Black attacks.} 24. fxg3 Rxg3 {[%cal
Oh6h2]} 25. Qc2 {[%cal Oc4c5]} Ne6 {[%cal Oe6d4]} 26. c5 $1 Nxc5 27. b6 cxb6 {
White must now prevent ...Ne6.} 28. Rf2 (28. Bc1 $1 $15 Rh4 29. Rg1) 28... Rg8
29. Qd2 (29. Bc3 $17) 29... Rhg6 (29... Rf6 $19 30. Rdf1 Rg7) 30. Rg2 $17 Nb3 (
{Black should try} 30... Bc7 $17 31. Rxg6 Rxg6) 31. Qe3 (31. Qd5 $15 Nc5 32.
Rxg6 Rxg6 33. Bh5) 31... Rxg2 32. Bxg2 {[#] This bishop pair is nice.} Qg7 $1 {
[%csl Gg8][%cal Rg7g2]} 33. Qg3 Nd4 34. Qxg7+ Kxg7 35. Bxd4 exd4 36. Rxd4 (36.
a4 $17) 36... Bxa3 {[%mdl 4096] Endgame KRB-KRB} 37. e5 Re8 38. Rd7+ Kh6 39.
Rxb7 Bc5 ({Not} 39... Rxe5 40. Rxb6+ Kg5 41. Bc6 $17) 40. Be4 Rxe5 41. Rxh7+
Kg5 42. Bc6 Re2 43. Rf7 Ra2 {...a4 is the strong threat.} 44. Rg7+ Kf6 45. Rg4
Kf5 46. Bd7+ (46. Rc4 {was necessary.}) 46... Ke5 $19 47. h4 Kd6 (47... Rd2 $19
48. Be8 Kf5) 48. Be8 Re2 49. Rg6+ Kd5 (49... Kc7 $142 50. Rg7+ Kd8) 50. Bc6+ (
50. Bf7+ $17 {was the only chance.} Ke4 51. h5) 50... Kc4 51. h5 Bd4 (51... Re5
$1 $19 {[%cal Re5h5] is more deadly.} 52. h6 Rh5+ 53. Kg2 Bf8) 52. Rg4 $2 {
[%mdl 8192]} (52. h6 $17 {nothing else works.}) 52... Re6 53. Bd7 Rd6 54. Be8
b5 55. Rg5 Rb6 56. Kg2 a4 (56... Be3 $1 $19 {[%cal Re3g5]} 57. Rg4+ Kc5) 57. h6
$17 a3 ({Weaker is} 57... Rxh6 58. Rxb5 a3 59. Ra5 $11) (57... Kc3 $142 {
Hoping for ...a3.} 58. Bxb5 a3 59. Rg3+ Kb4) 58. h7 $2 {[%mdl 8192]} (58. Bf7+
$17 Kb4 59. Rg4) 58... b4 $2 (58... Rb7 $19 {has better winning chances.
Threatens to win with ...a2.} 59. Bc6 Rxh7 60. Bd5+ Kd3) 59. Bf7+ Kc3 60. Rg4
$2 {[%mdl 8192] [#]} (60. Rc5+ $17 Kb2 61. Rc4) 60... Rh6 $1 $19 61. Bg8 {[#]}
Rxh7 $3 {[%mdl 512]} 62. Rg3+ (62. Bxh7 a2) 62... Kb2 $2 (62... Kd2 $19 {
( -> ...Rg7)} 63. Bxh7 a2 64. Rd3+ Ke2 65. Rxd4 a1=Q 66. Re4+ Kd2) 63. Bxh7 $4
{[%mdl 8192]} (63. Rb3+ $17 Kc2 64. Rxa3) 63... a2 64. Rd3 {[#]} a1=Q $1 65.
Rxd4 {KQ-KRB} b3 {Strongly threatening ...Kc1.} 66. Be4 Qe1 67. Kf3 {To avoid
Qe2+} Kc3 68. Rd3+ Kc4 69. Rd7 Qh1+ 70. Kf4 Qh2+ 71. Kg4 Qg1+ 72. Kf5 Qc5+ 73.
Kg4 b2 74. Rd1 Qe5 75. Bd3+ Kc3 {Weighted Error Value: White=0.53/Black=0.32}
0-1

[Event "Airthings Masters MCCT Prel 2022"]
[Site "Online"]
[Date "2022.02.13"]
[Round "6.2"]
[White "Duda, Jan-Krzysztof"]
[Black "Hansen, Eric"]
[Result "0-1"]
[WhiteElo "2760"]
[BlackElo "2606"]
[Annotator "TA"]
[PlyCount "90"]
[EventDate "2022.02.18"]
[EventType "tourn"]
[EventCountry "NET"]
[SourceTitle "playchess.com"]
[Source "ChessBase"]
[SourceQuality "1"]

{[%evp 23,90,29,64,0,18,12,19,10,47,35,35,8,25,32,14,22,20,0,40,0,37,30,40,31,
42,0,0,0,0,0,0,0,0,0,0,0,0,0,0,0,0,-81,-70,-109,0,-50,-62,-74,0,0,0,0,46,-4,20,
-164,-164,-182,-175,-166,-172,-153,0,-64,0,-2147,-1958,-29982,-29983]} 1. e4 e5
2. Nf3 Nc6 3. Bb5 {[%cal Bf1b5,Bb5a4,Ba4b3][%mdl 32]} a6 4. Ba4 Nf6 5. O-O Be7
6. Re1 b5 7. Bb3 d6 8. c3 O-O 9. h3 Na5 10. Bc2 c5 11. d4 Nd7 12. Nbd2 Qc7 13.
d5 {is now more promising than 13.Nf1. C97: Closed Ruy Lopez: Chigorin Defence:
11 d4 Qc7, sidelines.} (13. Nf1 $14) 13... c4 $11 14. Nf1 Nb7 15. Ng3 {[#] The
position is equal.} g6 $146 ({Predecessor:} 15... Ndc5 16. b4 cxb3 17. axb3 Bd7
18. Bd2 a5 19. Nf5 Bf6 20. Nh2 Qd8 21. Ng4 Bg5 22. Bxg5 Qxg5 {½-½ (32)
Kovalev,D (2501)-Pasti,A (2335) Budapest 2021}) 16. Bh6 Re8 17. Qd2 Nbc5 18. b4
cxb3 19. axb3 Nb6 $1 20. h4 Bg4 21. h5 (21. Nh2 $5 {[%cal Rh2g4]} Bd7 22. Bg5
$11) 21... a5 (21... Bxf3 $5 22. gxf3 a5 $11) 22. Nh2 Bd7 23. Qe3 {[%cal Og3f5]
} a4 {[#]} 24. Nf5 $1 Bxf5 (24... Nxb3 $2 25. Nxe7+ Rxe7 26. Bxb3 $18) 25. exf5
{Black must now prevent bxa4.} axb3 26. Rxa8 Rxa8 27. Bb1 {[%cal Rh5g6] This
bishop pair is nice.} Nc4 28. Qg3 e4 29. fxg6 fxg6 30. hxg6 Bf6 {Active
counter play!} 31. Ng4 Bg7 32. gxh7+ (32. Qh4 $11 {keeps the balance.} hxg6 33.
Bxg7 Qxg7 34. Nf6+ Kf8 35. Nxe4) 32... Kh8 $17 33. Bg5 (33. Bxg7+ $2 Qxg7 34.
Qh4 b2 $17) 33... Rf8 {Prevents Nf6.} (33... b2 $1 $17 {Hoping for ...Na3.} 34.
Nh6 Rf8) 34. Qh4 (34. Nf6 $1 $11) 34... Qf7 {[%mdl 1024] aiming for ...b2.
Black has compensation.} (34... Na3 $5 {[%cal Rb3b2]}) 35. Be7 $1 Re8 (35...
Ra8 $17 {Threatens to win with ...Qg6.} 36. Qg5 b2) 36. Bf6 $11 Rf8 {[%cal
Rg7f6]} 37. Bd4 b2 ({But not} 37... Bxd4 38. cxd4 Na4 39. Bxe4 $16) (37... Qf4
$1 $11 {might be stronger.} 38. Bxg7+ Kxg7) 38. Re2 (38. Qg5 $1 $14) 38... Qg6
{[#] Strongly threatening ...Bxd4.} 39. Ne3 $2 (39. Qe7 $1 $11 Kxh7 40. Ne5 $1
dxe5 41. Bxc5) 39... Bxd4 $19 40. cxd4 Nd3 {[%cal Bc5d3,Bd3f4,Bf4e2][%mdl 32]}
41. Qe7 Re8 {Dancing on a razor blade.} 42. Qh4 {[#]} Rf8 $40 {[%mdl 128]
Black is up to no good.} (42... Na3 $1 $17 {[%cal Ra3b1]} 43. Bxd3 exd3 44.
Rxb2 Nc4) 43. Qe7 $1 $15 Ra8 ({Black should try} 43... Qe8 $15 44. Qh4 (44.
Qxe8 $2 Rxe8 45. Kh2 Kxh7 $19) 44... Nf4) 44. Nxc4 $2 {[%mdl 8192]} (44. Qh4
$11) 44... Nf4 $19 {[%csl Gf4][%cal Rg6g2]} 45. Qxe4 Nxe2+ {[%mdl 64] Pin. 
Weighted Error Value: White=0.47/Black=0.20 (precise)} 0-1

[Event "Airthings Masters MCCT Prel 2022"]
[Site "Online"]
[Date "2022.02.13"]
[Round "6.3"]
[White "Aronian, Levon"]
[Black "Le, Quang Liem"]
[Result "1/2-1/2"]
[WhiteElo "2772"]
[BlackElo "2709"]
[Annotator "TA"]
[PlyCount "102"]
[EventDate "2022.02.18"]
[EventType "tourn"]
[EventCountry "NET"]
[SourceTitle "playchess.com"]
[Source "ChessBase"]
[SourceQuality "1"]

{[%evp 15,101,21,41,25,53,23,32,22,39,0,0,-34,-32,-18,0,0,0,0,-12,-12,48,37,20,
27,58,0,12,-22,0,8,19,13,22,20,27,21,131,-17,100,106,122,114,105,113,112,112,
483,174,193,183,183,27,27,-194,-194,-187,-187,-171,-187,-176,-8,-14,-8,-8,-8,
-8,-8,-8,-8,-8,-8,-8,-8,-8,-8,-8,-8,-8,-8,-8,-8,-8,-8,-8,-8,-8,-8,-8]} 1. e4 e5
2. Nf3 Nc6 3. Bc4 Nf6 4. d3 h6 5. c3 d6 6. Nbd2 {[%cal Bb1d2,Bd2f1,Bf1g3][%mdl
32]} g6 7. O-O Bg7 8. Re1 O-O 9. a4 {C55: Two Knights: 4 d3, 4 d4 exd4 5 e5
and Max Lange Attack.} a6 10. Nf1 {[#]} Re8 $146 ({Predecessor:} 10... d5 11.
exd5 Nxd5 12. Ne3 Be6 13. Nxd5 Bxd5 14. Bb3 Rb8 15. Bc2 Qd7 16. Be3 Rfe8 17.
Nd2 {0-1 (37) Kovacik,E (2102)-Sipos,I (2468) Slovakia 2020}) 11. Bb3 {White
is slightly better.} Be6 12. Bc2 d5 13. exd5 Nxd5 14. Bd2 f5 15. Ng3 Qd6 16.
Qc1 Qf8 17. b4 Bf7 (17... b5 $1 $11) 18. b5 axb5 19. axb5 Na5 20. Ra4 (20. Rb1
$14) 20... c5 {[%cal Oc5c4]} (20... Nb6 $5 {[%cal Rb6a4]} 21. Ra3 Nd7 $11) 21.
h4 c4 {aiming for ...cxd3.} (21... Nb6 $5 {[%cal Rb6a4]} 22. Ra1 c4 23. dxc4 f4
$15) 22. h5 $36 {[%mdl 2048] And now hxg6 would win. White has good play.} (22.
dxc4 Nb6 23. Ra1 f4 $15) 22... cxd3 {[#]} 23. hxg6 $1 Bxg6 {Strongly
threatening ...f4.} 24. Bxd3 {Nh4 is the strong threat.} e4 25. Nh4 $1 Bh7 {[#]
} (25... exd3 $11 26. Nxg6 Qf6) 26. Nhxf5 Nb3 (26... exd3 $2 27. Nxg7 Qxg7 28.
Rxe8+ Rxe8 29. Rxa5 $18) (26... Bxf5 $11 {keeps the balance.} 27. Nxf5 exd3 28.
Nxg7 Qxg7 29. Rxe8+ Rxe8 30. Rxa5 Re2 31. Bxh6 Qf6 32. Qg5+ Kh7) 27. Qd1 {
White is more active.} (27. Rxa8 {is interesting.} Rxa8 28. Qd1 Nxd2 29. Bxe4
Nxc3 30. Qxd2 Nxe4 31. Rxe4 Bxf5 32. Rf4) 27... Nxd2 28. Rxa8 {[%mdl 64]
Overworked Piece} Rxa8 29. Bxe4 Nxc3 30. Qxd2 {[%cal Of5e7] Threatens to win
with Ne7+!} Rd8 $2 {[%mdl 8192] [#]} (30... Nxe4 $16 31. Rxe4 (31. Qd5+ Qf7 $14
) 31... Bxf5 32. Qd5+ Qf7 33. Qxf5 Qxf5 34. Nxf5 Bf8) 31. Qf4 $2 (31. Nxh6+ $1
{[%mdl 512]} Bxh6 32. Bxh7+ Kxh7 33. Qxc3) 31... Re8 32. Re3 Kh8 33. b6 $2 ({
Don't play} 33. Bxb7 Rxe3 34. fxe3 Bxf5 $16) (33. Qf3 $18 Nxe4 34. Rxe4 Rxe4
35. Qxe4) 33... Bd4 $11 34. Qc7 $2 ({Reject} 34. Bxb7 Bxe3 35. fxe3 {[#]} Qxf5
$1 36. Qxf5 Bxf5 37. Nxf5 Re6 $17) (34. Rf3 $11 {and White stays safe.} Rxe4
35. Qd2) 34... Nxe4 $19 {[%mdl 64] Overworked Piece} 35. Rxe4 Rxe4 36. Nxe4
Bxf5 {A strong pair of Bishops.} 37. Qxb7 Bxe4 (37... Qe8 $19 38. Ng3 Bc8) 38.
Qxe4 $11 {The position is equal.} Qxf2+ 39. Kh2 Bxb6 {( -> ...Bc7+)} 40. Qe8+
Kg7 {[%cal Rf2h4]} 41. Qe7+ Qf7 42. Qxf7+ Kxf7 {[%mdl 4096] Endgame KB-KP} 43.
g4 Kg6 44. Kh1 Kg5 45. Kg2 Kh4 46. Kh2 Bc7+ 47. Kg2 Bb8 48. Kh1 Kh3 49. Kg1 Kg3
50. Kh1 Kf2 51. g5 hxg5 {Weighted Error Value: White=0.37/Black=0.39} 1/2-1/2

[Event "Airthings Masters MCCT Prel 2022"]
[Site "Online"]
[Date "2022.02.13"]
[Round "6.4"]
[White "Mamedyarov, Shakhriyar"]
[Black "Praggnanandhaa R"]
[Result "1-0"]
[WhiteElo "2767"]
[BlackElo "2612"]
[Annotator "TA"]
[PlyCount "73"]
[EventDate "2022.02.18"]
[EventType "tourn"]
[EventCountry "NET"]
[SourceTitle "playchess.com"]
[Source "ChessBase"]
[SourceQuality "1"]

{[%evp 9,73,0,0,0,0,0,0,0,0,0,14,14,23,24,45,54,53,37,32,-10,-8,0,-24,0,22,29,
27,40,47,24,120,119,119,50,64,0,205,166,363,302,663,92,269,130,153,177,208,204,
241,210,237,204,4863,1914,2147,2136,1235,1273,4877,4886,1694,472,506,514,511,
506]} 1. d4 Nf6 2. Nc3 d5 3. Bf4 c5 4. e4 Nxe4 5. Nxe4 dxe4 6. dxc5 {D00: 1 d4
d5: Unusual lines.} Qa5+ 7. c3 Qxc5 8. Qa4+ {The position is equal.} Nc6 9.
Qxe4 Bf5 {[#]} 10. Qa4 $5 $146 {[%mdl 8] New and interesting.} ({Predecessor:} 
10. Qe3 e6 11. Nf3 Be7 12. Be2 O-O 13. O-O Rfd8 14. Rfd1 h6 15. h3 a6 16. a4 {
½-½ (75) Niemann,H (2645)-Blohberger,F (2503) Chess.com INT 2022}) 10... Qb6
11. O-O-O e6 12. Nf3 $1 {[%cal Og2g4]} Be7 13. g4 Bg6 14. h4 (14. Be3 Bc5 15.
Qf4 (15. Bxc5 Qxc5 16. Bb5 O-O $15) 15... Bxe3+ 16. Qxe3 Qxe3+ 17. fxe3 Be4 $15
) (14. Ne5 $14) 14... Qxf2 $11 15. Rh2 $1 Qxf3 16. Bg2 Bc2 17. Kxc2 (17. Bxf3
$2 Bxa4 18. b3 Bb5 $19) 17... Qf2+ 18. Kb1 {[%mdl 1024] White has compensation.
} Qb6 19. Be4 O-O (19... Rd8 $11) 20. Qc2 $36 {[%mdl 2048] Keeping Black busy.}
h6 21. g5 (21. Qe2 $16) 21... h5 $1 $14 22. Rd7 ({White should try} 22. Rhh1
$14) 22... Qg1+ $2 (22... Rfd8 $1 $11 {and Black has nothing to worry.} 23.
Rhd2 (23. Bxc6 bxc6 24. Rxe7 Kf8 $15) 23... Rxd7 24. Rxd7 Rd8) 23. Bc1 $1 $18 {
Strongly threatening Qe2. Active counter play!} Bc5 $2 (23... Rae8 {is a
better defense.} 24. Rxb7 Ne5) 24. Rg2 ({Less strong is} 24. Rxb7 Ne5 $16)
24... Qe1 (24... Qf1 25. g6 (25. Rxb7 Be3 $16) 25... f5) 25. Rxb7 $2 (25. Rd1
$18 Qxh4 26. Rh2) 25... Rac8 $2 {Black cannot hold the game after this.} (25...
Ne5 $16 {was necessary.}) 26. g6 (26. Rd7 $1 $18 {and the rest is easy.}) 26...
f5 {[#]} 27. Re2 {Dancing on a razor blade.} Qxh4 {[#]} (27... Qg3 28. Qd3) 28.
Bf3 Qg3 29. Bxh5 Ne5 30. Qd2 {[%cal Ob7g7] Rxg7+! is the strong threat.} Rcd8
$2 {[#]} (30... Rfe8 31. Rxg7+ Kxg7 32. Rxe5 (32. Qh6+ Kf6 $11) 32... Kf6) 31.
Rxg7+ $3 {[%mdl 512] White is clearly winning.} Kxg7 32. Qh6+ Kf6 33. g7+ $1
Ke7 34. gxf8=Q+ Rxf8 35. Qg5+ (35. Bg5+ $142 Kd7 36. Qg7+ Kc8 37. Rxe5 Qg1+ 38.
Kc2) 35... Qxg5 36. Bxg5+ {A strong pair of Bishops.} Kd6 37. Bf4 {Weighted
Error Value: White=0.53/Black=0.42} 1-0

[Event "Airthings Masters MCCT Prel 2022"]
[Site "Online"]
[Date "2022.02.13"]
[Round "6.5"]
[White "Giri, Anish"]
[Black "Niemann, Hans Moke"]
[Result "1-0"]
[WhiteElo "2772"]
[BlackElo "2642"]
[Annotator "TA"]
[PlyCount "53"]
[EventDate "2022.02.18"]
[EventType "tourn"]
[EventCountry "NET"]
[SourceTitle "playchess.com"]
[Source "ChessBase"]
[SourceQuality "1"]

{[%evp 23,53,21,12,18,20,25,18,14,30,37,103,97,206,122,108,110,103,110,120,118,
114,102,108,101,134,72,191,196,647,614,608,593]} 1. e4 e5 2. Nf3 Nc6 3. Bb5 a6
4. Ba4 Nf6 5. O-O Nxe4 6. d4 b5 7. Bb3 d5 8. dxe5 Be6 9. c3 Be7 10. Bc2 O-O 11.
Nbd2 {[%cal Bb1d2,Bd2f1,Bf1g3][%mdl 32]} f5 12. exf6 Nxf6 13. Re1 $1 {[%mdl 4]
outshines the older 13.Nb3. C83: Open Ruy Lopez: 9 c3 Be7.} Qd6 14. Nf1 {
[%cal Oc1f4] [#]} Rae8 $146 ({Predecessor:} 14... Bg4 15. Ng3 g6 16. Bh6 Rf7
17. Qd3 Bxf3 18. gxf3 Bf8 19. Bd2 Ne5 20. Qe2 Nc4 {0-1 (42) Strah,M-Juarez,A 
(2265) Buenos Aires 1992}) 15. Ng3 {[%cal Oc1f4] The position is equal.} Bg4 {
[%cal Oc6e5]} 16. h3 Bc8 (16... Bxf3 $14 17. Qxf3 Ne5) 17. b4 Qd8 {[#]} (17...
d4 $16) 18. Bg5 (18. Qd3 $1 $18) 18... d4 $16 19. Nxd4 {White is more active.}
Nxd4 20. cxd4 {Strongly threatening Qd3.} Bxb4 {[#]} 21. Bxh7+ $1 {[%mdl 512]}
Kxh7 22. Qb1+ Kg8 23. Qxb4 {[%cal Og3e4]} Bb7 {Prevents Ne4.} 24. Re5 (24. f3
$142) 24... Qd6 (24... Rxe5 $16 {was necessary.} 25. dxe5 Qd5) 25. Qb3+ $18 Kh8
$2 (25... Bd5 26. Qe3 Qd7) 26. Bxf6 {[%cal Re5h5]} Rxe5 27. Bxe5 {Weighted
Error Value: White=0.12 (very precise) /Black=0.58} 1-0